| 000 | 00957cam a2200169ua 4500 | ||
|---|---|---|---|
| 020 | _c10.00 | ||
| 041 |
_aeng _h |
||
| 082 |
_a626.212 _bIND/GU |
||
| 110 | 1 |
_aIndian Standard Institution . _bISI _c() |
|
| 245 | _aGuidelines for assessement of seepage losses from canals by analytical method IS: 9447-1980 | ||
| 260 |
_aNew Delhi : _bIndian Standards Institution , _c1980. |
||
| 300 | _a23 ; . | ||
| 365 | _a10.00 | ||
| 504 | _a | ||
| 942 | _cBK | ||
| 999 |
_c7154 _d7154 |
||